| 000 | 01140cam a2200385 a 4500 | ||
|---|---|---|---|
| 001 | 4165 | ||
| 003 | FISKH | ||
| 005 | 20240624142643.0 | ||
| 008 | 991110s2000 nyua b 000 1 eng | ||
| 010 | _a 99058251 | ||
| 020 | _a0679884661 (trade) | ||
| 020 | _a9780679884668 | ||
| 020 | _a0679984666 (lib. bdg.) | ||
| 040 |
_aDLC _cDLC _dDLC _beng |
||
| 042 | _alcac | ||
| 050 | 0 | 0 | _aPZ7.B81618 |
| 082 | _a477 | ||
| 100 | 1 | _aBrown, Marc Tolon. | |
| 245 | 1 | 0 |
_aArthur's lost puppy / _cMarc Brown. |
| 260 |
_aNew York : _bRandom House, _c2000. |
||
| 300 |
_a24 pages : _bcolor illustrations ; _c23 cm |
||
| 490 | 1 | _aStep into reading books | |
| 505 | _aJ | ||
| 520 | _aArthur and D.W. do not know what is wrong with Baby Kate when they take her to the neighborhood fair--but Pal the puppy does. | ||
| 521 | 8 |
_a470
_bLexile |
|
| 521 | 8 |
_aJ
_bRaz-Plus |
|
| 650 | 1 |
_aAardvarks _vFiction. |
|
| 650 | 1 |
_aMammals _vFiction. |
|
| 650 | 1 |
_aDogs _vFiction. |
|
| 650 | 1 |
_aBabies _vFiction. |
|
| 650 | 1 |
_aFairs _vFiction. |
|
| 906 |
_a7 _bcbc _corignew _d1 _eocip _f19 _gy-gencatlg |
||
| 942 |
_2ddc _cBK _n0 |
||
| 999 |
_c4165 _d4165 |
||